000 00443nam a22001697a 4500
003 MPLRDC
005 20220104144453.0
008 210129b ||||| |||| 00| 0 eng d
082 _a782.886 WJW-2 v.1 c.2
100 _a朱子家
245 _a汪政权的开场与收场, 第一册
_c
250 _a一版七刷
260 _a
_b吴兴记书报社
_c1963
300 _b
650 _a汪精卫传记
942 _cBK
_o782.886 WJW-2 v.1 c.2
999 _c49932
_d49922